[Event "Skakligaen 2021-22"]
[Site "Denmark"]
[Date "2022.03.19"]
[Round "8.6"]
[White "Simonsen, Carsten"]
[Black "Easwaralingam, Adesh"]
[Result "1/2-1/2"]
[WhiteElo "2218"]
[BlackElo "2136"]
[PlyCount "174"]
[EventDate "2021.10.30"]
[EventType "team-tourn"]
[EventRounds "9"]
[EventCountry "DEN"]
[SourceTitle "Turneringssystemet"]
[WhiteTeam "Obro"]
[BlackTeam "Fredericia"]

1. d4 Nf6 2. Nf3 d5 3. Bf4 c5 4. e3 Nc6 5. Nbd2 e6 6. c3 Nh5 7. Bg5 f6 8. Bh4
cxd4 9. Nxd4 g6 10. Be2 Ng7 11. O-O Be7 12. f4 O-O 13. Bf2 Bd6 14. Nb5 Bb8 15.
c4 a6 16. cxd5 exd5 17. Nc3 d4 18. exd4 Nxd4 19. Nc4 Ba7 20. Bf3 Nxf3+ 21. Qxf3
Bxf2+ 22. Qxf2 b5 23. Rad1 Qc7 24. Ne3 Be6 25. Ncd5 Qa7 26. Kh1 Kh8 27. Rc1 Rf7
28. Qh4 Bxd5 29. Nxd5 Qd4 30. Nc3 Nf5 31. Qf2 Rd7 32. Qf3 Rad8 33. Rcd1 Qa7 34.
Rxd7 Rxd7 35. Qc6 Kg7 36. Qf3 b4 37. Ne4 Qd4 38. b3 Re7 39. Ng3 Nxg3+ 40. hxg3
Qd2 41. g4 Qxa2 42. g5 Qe2 43. Qxe2 Rxe2 44. Rc1 fxg5 45. fxg5 Kf7 46. Rc4 a5
47. Rc5 Ra2 48. Re5 Ra3 49. Kh2 Rxb3 50. Rxa5 Ke6 51. Ra7 Kf5 52. Rxh7 Kxg5 53.
Rb7 Kg4 54. Rd7 Kf4 55. Rf7+ Kg5 56. Rg7 Kh5 57. Rh7+ Kg4 58. Rd7 g5 59. Rd4+
Kh5 60. Rc4 Kg6 61. g4 Kf6 62. Re4 Rb1 63. Kg2 b3 64. Re3 b2 65. Rb3 Ke5 66.
Rb4 Kd5 67. Rb8 Ke4 68. Rb7 Kf4 69. Rb4+ Ke3 70. Rb8 Re1 71. Rb3+ Kf4 72. Rxb2
Re4 73. Rb3 Kxg4 74. Ra3 Re2+ 75. Kg1 Rb2 76. Rc3 Kh4 77. Ra3 g4 78. Rc3 g3 79.
Rc8 Rb4 80. Rh8+ Kg4 81. Rg8+ Kf3 82. Rf8+ Rf4 83. Rxf4+ Kxf4 84. Kg2 Kg4 85.
Kg1 Kf3 86. Kf1 g2+ 87. Kg1 Kg3 1/2-1/2

[Event "Skakligaen 2021-22"]
[Site "Denmark"]
[Date "2022.03.19"]
[Round "8.7"]
[White "Madsen, Michael Baehring"]
[Black "Kakulidis, Ellen"]
[Result "1-0"]
[WhiteElo "2046"]
[BlackElo "2054"]
[PlyCount "113"]
[EventDate "2021.10.30"]
[EventType "team-tourn"]
[EventRounds "9"]
[EventCountry "DEN"]
[SourceTitle "Turneringssystemet"]
[WhiteTeam "Fredericia"]
[BlackTeam "Obro"]

1. Nf3 d5 2. d4 e6 3. g3 Nf6 4. Bg2 Be7 5. c4 O-O 6. O-O c6 7. Nc3 b6 8. Ne5
Ba6 9. b3 dxc4 10. bxc4 Nfd7 11. Bxc6 Nxc6 12. Nxc6 Qe8 13. Nxe7+ Qxe7 14. Qa4
Bb7 15. Ba3 Qd8 16. Bxf8 Nxf8 17. Rfd1 Qf6 18. Rac1 a6 19. Qc2 Rd8 20. Qd2 Nd7
21. Qf4 Qe7 22. Qc7 Ba8 23. c5 Qe8 24. c6 Nf6 25. Na4 Nd5 26. Qa7 Bxc6 27. Nxb6
Bb5 28. e3 Be2 29. Re1 Bf3 30. Qxa6 f6 31. Nc8 Qd7 32. Qc6 Qf7 33. e4 Nf4 34.
Qc7 Qxc7 35. Rxc7 Ne2+ 36. Kf1 Nxd4 37. Nb6 Rb8 38. Rc8+ Rxc8 39. Nxc8 Kf7 40.
a4 Ke8 41. Nd6+ Kd7 42. Nb5 Nc2 43. Rc1 Bxe4 44. Ke2 Nb4 45. Rc7+ Kd8 46. Rxg7
Bc2 47. Nd4 Bxa4 48. Nxe6+ Ke8 49. Rxh7 Bd7 50. Nf4 Bf5 51. Rb7 Nc6 52. Nd5
Nd4+ 53. Ke3 Nc2+ 54. Kf4 Bc8 55. Nxf6+ Kd8 56. Rb2 Ne1 57. Rd2+ 1-0

[Event "Skakligaen 2021-22"]
[Site "Denmark"]
[Date "2022.03.19"]
[Round "8.8"]
[White "Skou, Niels"]
[Black "Sorensen, Lars Desmond"]
[Result "1-0"]
[WhiteElo "2045"]
[BlackElo "2048"]
[PlyCount "81"]
[EventDate "2021.10.30"]
[EventType "team-tourn"]
[EventRounds "9"]
[EventCountry "DEN"]
[SourceTitle "Turneringssystemet"]
[WhiteTeam "Obro"]
[BlackTeam "Fredericia"]

1. d4 Nf6 2. c4 e6 3. Nc3 d5 4. cxd5 exd5 5. Bg5 Nbd7 6. e3 Be7 7. Bd3 c6 8.
Nge2 O-O 9. Qc2 Re8 10. O-O Nf8 11. a3 Nh5 12. Bxe7 Qxe7 13. b4 a6 14. Na4 Bg4
15. Nc5 Rab8 16. a4 Qg5 17. b5 axb5 18. axb5 Bh3 19. Ng3 Nxg3 20. hxg3 Bg4 21.
Ra7 h5 22. Nxb7 Re6 23. bxc6 h4 24. c7 Rc8 25. gxh4 Qxh4 26. Ra6 Bf3 27. Rfa1
Qg5 28. Bf1 Be4 29. Qc1 Re7 30. Rc6 Ng6 31. f4 Qg3 32. Qe1 Qg4 33. Qf2 Nh4 34.
Be2 Qxg2+ 35. Qxg2 Bxg2 36. Rac1 Rxe3 37. Kf2 Rce8 38. R1c2 Bh3 39. Nd6 R8e7
40. f5 Rxc7 41. Rxc7 1-0

[Event "Skakligaen 2021-22"]
[Site "Denmark"]
[Date "2022.03.19"]
[Round "8.1"]
[White "Hansen, Sune Berg"]
[Black "Rasmussen, Allan Stig"]
[Result "1/2-1/2"]
[WhiteElo "2528"]
[BlackElo "2566"]
[PlyCount "77"]
[EventDate "2021.10.30"]
[EventType "team-tourn"]
[EventRounds "9"]
[EventCountry "DEN"]
[SourceTitle "Turneringssystemet"]
[WhiteTeam "Hillerod"]
[BlackTeam "Jetsmark"]

1. Nf3 f5 2. d3 Nc6 3. e4 e5 4. d4 fxe4 5. Nxe5 Qf6 6. f4 exf3 7. Nxf3 d5 8.
Bg5 Qg6 9. Bd3 Qh5 10. c3 Bd6 11. Qe2+ Nge7 12. Nbd2 O-O 13. O-O-O Ng6 14. h3
Nf4 15. Bxf4 Bxf4 16. g4 Qh6 17. Kb1 Bd7 18. Qg2 Rae8 19. h4 Qd6 20. Nb3 Re3
21. Rhf1 Nd8 22. Bc2 Bb5 23. Rfe1 Rfe8 24. Rxe3 Rxe3 25. Nc1 Nf7 26. Nd3 c6 27.
g5 Bg3 28. h5 g6 29. hxg6 hxg6 30. a4 Bc4 31. Nc1 Qf4 32. Nd2 Ba6 33. Bxg6 Nxg5
34. Nf1 Bxf1 35. Rxf1 Rf3 36. Rxf3 Qxf3 37. Qxf3 Nxf3 38. Kc2 Kf8 39. Nd3
1/2-1/2

[Event "Skakligaen 2021-22"]
[Site "Denmark"]
[Date "2022.03.19"]
[Round "8.2"]
[White "Baekgaard, Martin"]
[Black "Schandorff, Lars"]
[Result "0-1"]
[WhiteElo "2311"]
[BlackElo "2458"]
[PlyCount "54"]
[EventDate "2021.10.30"]
[EventType "team-tourn"]
[EventRounds "9"]
[EventCountry "DEN"]
[SourceTitle "Turneringssystemet"]
[WhiteTeam "Jetsmark"]
[BlackTeam "Hillerod"]

1. e4 e5 2. Nf3 Nc6 3. Bc4 Bc5 4. c3 Nf6 5. d4 exd4 6. e5 d5 7. Bb5 Ne4 8. cxd4
Bb6 9. Bxc6+ bxc6 10. O-O O-O 11. Be3 Bg4 12. Qc2 Bxf3 13. gxf3 Ng5 14. Nd2 f6
15. f4 fxe5 16. fxe5 Ne6 17. Qxc6 Nxd4 18. Bxd4 Bxd4 19. Nb3 Bb6 20. Kh1 Bxf2
21. Rad1 Bb6 22. Rxf8+ Qxf8 23. Qxd5+ Kh8 24. e6 Re8 25. Qc6 Rxe6 26. Qg2 Rf6
27. Re1 h6 0-1

[Event "Skakligaen 2021-22"]
[Site "Denmark"]
[Date "2022.03.19"]
[Round "8.3"]
[White "Percivaldi, Martin"]
[Black "Jensen, Bjarke"]
[Result "1-0"]
[WhiteElo "2385"]
[BlackElo "2349"]
[PlyCount "69"]
[EventDate "2021.10.30"]
[EventType "team-tourn"]
[EventRounds "9"]
[EventCountry "DEN"]
[SourceTitle "Turneringssystemet"]
[WhiteTeam "Hillerod"]
[BlackTeam "Jetsmark"]

1. Nf3 d5 2. g3 Nf6 3. Bg2 c6 4. O-O Bf5 5. d3 h6 6. c4 e6 7. Nc3 Be7 8. cxd5
exd5 9. Nd4 Bh7 10. e4 dxe4 11. dxe4 O-O 12. Be3 Nbd7 13. f4 Nb6 14. Bf2 Qd7
15. Qe2 Rad8 16. e5 Nfd5 17. Ne4 Qc8 18. Rad1 Rfe8 19. a3 f6 20. Qh5 f5 21. Bh3
Rf8 22. Qe2 g5 23. fxg5 hxg5 24. Qh5 g4 25. Ng5 Bxg5 26. Qxg5+ Kh8 27. Bg2 f4
28. e6 c5 29. e7 Nxe7 30. Qxe7 cxd4 31. Bxd4+ Rxd4 32. Rxd4 f3 33. Qe5+ Kg8 34.
Qg5+ Kh8 35. Rxg4 1-0

[Event "Skakligaen 2021-22"]
[Site "Denmark"]
[Date "2022.03.19"]
[Round "8.4"]
[White "Christensen, Stefan"]
[Black "Borge, Nikolaj"]
[Result "0-1"]
[WhiteElo "2266"]
[BlackElo "2381"]
[PlyCount "106"]
[EventDate "2021.10.30"]
[EventType "team-tourn"]
[EventRounds "9"]
[EventCountry "DEN"]
[SourceTitle "Turneringssystemet"]
[WhiteTeam "Jetsmark"]
[BlackTeam "Hillerod"]

1. d4 d5 2. Nf3 Nf6 3. e3 c5 4. c3 Bf5 5. dxc5 Qc7 6. b4 Nbd7 7. Nbd2 e5 8. Nb3
a5 9. Bb5 axb4 10. cxb4 b6 11. Bb2 bxc5 12. bxc5 Bxc5 13. Nxe5 Bb4+ 14. Kf1 O-O
15. Nxd7 Bxd7 16. Bxd7 Qc4+ 17. Kg1 Nxd7 18. g3 Rfc8 19. Qd4 Qxd4 20. Nxd4 Ne5
21. Nf5 f6 22. a3 Bf8 23. Kg2 Nd3 24. Bd4 Rc2 25. Rhf1 Rxa3 26. Rxa3 Bxa3 27.
g4 Bb4 28. Kf3 Kf7 29. e4 Ne1+ 30. Ke3 g6 31. Nh6+ Kg7 32. g5 Bd2+ 33. Ke2
Bxg5+ 34. Kxe1 Bxh6 35. exd5 Rd2 36. Be3 Bxe3 37. fxe3 Rxd5 38. Rf3 Rf5 39.
Rxf5 gxf5 40. Kf2 Kg6 41. Kg3 Kg5 42. h4+ Kg6 43. Kf4 h5 44. e4 fxe4 45. Kxe4
Kf7 46. Kf5 Kg7 47. Kf4 Kf8 48. Ke4 Ke7 49. Kd5 Kd7 50. Ke4 Ke6 51. Kf4 f5 52.
Kg5 Ke5 53. Kxh5 Kf6 0-1

[Event "Skakligaen 2021-22"]
[Site "Denmark"]
[Date "2022.03.19"]
[Round "8.5"]
[White "Pedersen, Steffen"]
[Black "Rathlev, Jakob"]
[Result "1/2-1/2"]
[WhiteElo "2338"]
[BlackElo "2201"]
[PlyCount "44"]
[EventDate "2021.10.30"]
[EventType "team-tourn"]
[EventRounds "9"]
[EventCountry "DEN"]
[SourceTitle "Turneringssystemet"]
[WhiteTeam "Hillerod"]
[BlackTeam "Jetsmark"]

1. d4 e6 2. Nf3 f5 3. g3 Nf6 4. Bg2 d5 5. O-O Bd6 6. c4 c6 7. b3 Qe7 8. a4 a5
9. Ba3 Bxa3 10. Nxa3 Nbd7 11. Qc2 O-O 12. Rfc1 Ne4 13. Nd2 Qg5 14. e3 h5 15.
Nf1 Ndf6 16. f3 Nd6 17. h4 Qh6 18. Qd2 Bd7 19. Re1 Qg6 20. Rac1 Rfd8 21. Red1
Kh8 22. Qa2 Nf7 1/2-1/2

[Event "Skakligaen 2021-22"]
[Site "Denmark"]
[Date "2022.03.19"]
[Round "8.6"]
[White "Grubert, Christian"]
[Black "Jaksland, Tim"]
[Result "0-1"]
[WhiteElo "2112"]
[BlackElo "2212"]
[PlyCount "64"]
[EventDate "2021.10.30"]
[EventType "team-tourn"]
[EventRounds "9"]
[EventCountry "DEN"]
[SourceTitle "Turneringssystemet"]
[WhiteTeam "Jetsmark"]
[BlackTeam "Hillerod"]

1. Nf3 d5 2. g3 Nd7 3. Bg2 e5 4. d3 Ngf6 5. O-O Bc5 6. d4 exd4 7. Nxd4 c6 8.
Nc3 O-O 9. Bf4 Re8 10. Re1 Ne5 11. h3 h6 12. Nb3 Bb4 13. Qd4 c5 14. Qd1 Nc4 15.
Qc1 d4 16. Rd1 Nxb2 17. Qxb2 Bxc3 18. Qxc3 dxc3 19. Rxd8 Rxd8 20. Nxc5 Re8 21.
e3 Bf5 22. Nxb7 Ne4 23. f3 Bc8 24. Na5 Nd2 25. Bd6 Ba6 26. f4 Rad8 27. Be5 Nc4
28. Nc6 Rd2 29. Bxc3 Rxc2 30. Bd4 Nxe3 31. Bxe3 Rxe3 32. Nb4 Rb2 0-1

[Event "Skakligaen 2021-22"]
[Site "Denmark"]
[Date "2022.03.19"]
[Round "8.7"]
[White "Ostergaard, Jens"]
[Black "Rasmussen, Henning Lau"]
[Result "1-0"]
[WhiteElo "2230"]
[BlackElo "2159"]
[PlyCount "87"]
[EventDate "2021.10.30"]
[EventType "team-tourn"]
[EventRounds "9"]
[EventCountry "DEN"]
[SourceTitle "Turneringssystemet"]
[WhiteTeam "Hillerod"]
[BlackTeam "Jetsmark"]

1. Nf3 d5 2. d4 Nf6 3. c4 c6 4. Nc3 a6 5. e3 b5 6. b3 Bf5 7. Be2 h6 8. O-O e6
9. Bb2 Nbd7 10. Bd3 Bd6 11. Qc2 b4 12. Ne2 Bxd3 13. Qxd3 Qb8 14. g3 Ne4 15. Nd2
f5 16. Nf4 Bxf4 17. exf4 Nxd2 18. Qxd2 O-O 19. Rfe1 Rf6 20. Re3 a5 21. a3 bxa3
22. Rxa3 Rg6 23. cxd5 cxd5 24. Rxa5 Kh7 25. Rxa8 Qxa8 26. Qc1 Qb7 27. Ba3 h5
28. Be7 Nb8 29. Bg5 Nd7 30. Qd1 Nf8 31. Rc3 Kg8 32. Qxh5 e5 33. fxe5 Qa6 34.
Be3 f4 35. Bxf4 Qa1+ 36. Rc1 Qxd4 37. Qf5 Ra6 38. Rc8 Qb4 39. e6 d4 40. Qf7+
Kh7 41. Rxf8 Qe1+ 42. Kg2 Qe4+ 43. Kh3 Ra5 44. Rg8 1-0

[Event "Skakligaen 2021-22"]
[Site "Denmark"]
[Date "2022.03.19"]
[Round "8.8"]
[White "Sondergaard, Bjarne"]
[Black "Nordenbaek, Jan"]
[Result "0-1"]
[WhiteElo "1805"]
[BlackElo "2157"]
[PlyCount "58"]
[EventDate "2021.10.30"]
[EventType "team-tourn"]
[EventRounds "9"]
[EventCountry "DEN"]
[SourceTitle "Turneringssystemet"]
[WhiteTeam "Jetsmark"]
[BlackTeam "Hillerod"]

1. d4 Nf6 2. c4 g6 3. Nc3 Bg7 4. Nf3 O-O 5. Bf4 d6 6. h3 Nc6 7. e3 Nd7 8. Be2
e5 9. dxe5 Ndxe5 10. Nxe5 Nxe5 11. O-O Be6 12. Bxe5 Bxe5 13. Qc2 Re8 14. Rad1
c6 15. f4 Bg7 16. e4 f5 17. e5 Qb6+ 18. Kh1 dxe5 19. Na4 Qc7 20. fxe5 Qxe5 21.
Rde1 Rad8 22. Bf3 Qg3 23. Nc5 Bf7 24. Rxe8+ Rxe8 25. Nd3 g5 26. Bd1 Re3 27. Rf3
Rxf3 28. Bxf3 g4 29. hxg4 Bd4 0-1

[Event "Skakligaen 2021-22"]
[Site "Denmark"]
[Date "2022.03.19"]
[Round "8.1"]
[White "Hector, Jonny"]
[Black "Thogersen, Rasmus"]
[Result "0-1"]
[WhiteElo "2443"]
[BlackElo "2278"]
[PlyCount "110"]
[EventDate "2021.10.30"]
[EventType "team-tourn"]
[EventRounds "9"]
[EventCountry "DEN"]
[SourceTitle "Turneringssystemet"]
[WhiteTeam "Nordkalotten"]
[BlackTeam "SK1968"]

1. e4 c5 2. Nf3 d6 3. d4 cxd4 4. Nxd4 Nf6 5. Nc3 a6 6. Bg5 e6 7. f4 Be7 8. Qf3
Qc7 9. O-O-O O-O 10. Bd3 Nc6 11. Nxc6 bxc6 12. e5 dxe5 13. Rhe1 h6 14. Bxf6
Bxf6 15. Qe4 g6 16. fxe5 Be7 17. h4 Rb8 18. Bc4 Qb6 19. Bb3 Qf2 20. h5 Rb4 21.
Qxc6 Bb7 22. Qc7 Bg5+ 23. Kb1 gxh5 24. a3 Qb6 25. Qxb6 Rxb6 26. Ne4 Rb8 27. Rd7
Bd5 28. Nxg5 hxg5 29. Rf1 Be4 30. Kc1 Bg6 31. Rf6 Rc8 32. Kd1 Rc5 33. Rd6 Rxd6+
34. exd6 Rc6 35. c4 Rxd6+ 36. Kc1 Bf5 37. Rh6 Bg6 38. Bc2 Kg7 39. c5 Rd4 40.
Rxg6+ fxg6 41. b4 h4 42. Bb3 g4 43. c6 Rd6 44. Ba4 Rd8 45. Bd1 h3 46. gxh3 gxh3
47. Bf3 Kf6 48. a4 Rb8 49. b5 axb5 50. c7 Rc8 51. axb5 Rxc7+ 52. Kd2 Rc5 53. b6
Rb5 54. b7 Kf5 55. Ke3 Rb3+ 0-1

[Event "Skakligaen 2021-22"]
[Site "Denmark"]
[Date "2022.03.19"]
[Round "8.2"]
[White "Matthiesen, Martin"]
[Black "Kristensen, Kaare Hove"]
[Result "1/2-1/2"]
[WhiteElo "2325"]
[BlackElo "2345"]
[PlyCount "35"]
[EventDate "2021.10.30"]
[EventType "team-tourn"]
[EventRounds "9"]
[EventCountry "DEN"]
[SourceTitle "Turneringssystemet"]
[WhiteTeam "SK1968"]
[BlackTeam "Nordkalotten"]

1. d4 Nf6 2. c4 b6 3. Nc3 Bb7 4. d5 e6 5. a3 Bd6 6. Nf3 O-O 7. g3 c6 8. Bg2
cxd5 9. cxd5 Nxd5 10. Nxd5 exd5 11. Nh4 Be5 12. Bxd5 Bxd5 13. Qxd5 Nc6 14. Nf3
Bf6 15. Rb1 Qe7 16. Be3 Qe6 17. Qxe6 dxe6 18. O-O 1/2-1/2

[Event "Skakligaen 2021-22"]
[Site "Denmark"]
[Date "2022.03.19"]
[Round "8.3"]
[White "Hove, Esben Kjems"]
[Black "Matthiesen, Arne"]
[Result "1/2-1/2"]
[WhiteElo "2335"]
[BlackElo "2312"]
[PlyCount "61"]
[EventDate "2021.10.30"]
[EventType "team-tourn"]
[EventRounds "9"]
[EventCountry "DEN"]
[SourceTitle "Turneringssystemet"]
[WhiteTeam "Nordkalotten"]
[BlackTeam "SK1968"]

1. d4 e6 2. Nf3 c5 3. e3 Nf6 4. Be2 b6 5. O-O Bb7 6. c4 Be7 7. Nc3 cxd4 8. Nxd4
O-O 9. Bf3 Nc6 10. b3 Qb8 11. Bb2 Rd8 12. Nxc6 dxc6 13. Qe2 Qc7 14. Rad1 Rxd1
15. Rxd1 Rd8 16. g3 Rxd1+ 17. Qxd1 Qd7 18. Qxd7 Nxd7 19. Ne2 e5 20. g4 Kf8 21.
Ng3 g6 22. Kf1 Ke8 23. Ke2 Kd8 24. Ne4 f6 25. h4 b5 26. cxb5 cxb5 27. Nc3 Ba6
28. Nd5 b4+ 29. Kd2 Bb7 30. Ke2 Ba6+ 31. Kd2 1/2-1/2

[Event "Skakligaen 2021-22"]
[Site "Denmark"]
[Date "2022.03.19"]
[Round "8.4"]
[White "Rewitz, Poul"]
[Black "Schmidt, Kristen"]
[Result "1/2-1/2"]
[WhiteElo "2264"]
[BlackElo "2315"]
[PlyCount "110"]
[EventDate "2021.10.30"]
[EventType "team-tourn"]
[EventRounds "9"]
[EventCountry "DEN"]
[SourceTitle "Turneringssystemet"]
[WhiteTeam "SK1968"]
[BlackTeam "Nordkalotten"]

1. b4 c6 2. Bb2 a5 3. b5 Nf6 4. e3 g6 5. Bxf6 exf6 6. c4 cxb5 7. cxb5 d5 8. Nf3
Nd7 9. Be2 Be7 10. Nc3 Nb6 11. O-O O-O 12. Nd4 f5 13. Na4 Be6 14. Rc1 Ba3 15.
Rb1 Rc8 16. Nb2 Qd6 17. Nd3 Rc7 18. h4 Rfc8 19. h5 a4 20. f4 Qd8 21. Qe1 Be7
22. hxg6 hxg6 23. Nxe6 fxe6 24. Qg3 Bf6 25. Rbc1 Kf7 26. Qh3 Qh8 27. Qxh8 Bxh8
28. Kf2 Nc4 29. Rh1 Bg7 30. Ke1 Kg8 31. g4 Nd6 32. Kd1 Nxb5 33. gxf5 gxf5 34.
Rb1 Nd6 35. Rg1 Kf8 36. Rg6 Rc6 37. Rxe6 Kf7 38. Re5 Bxe5 39. Nxe5+ Ke6 40.
Nxc6 bxc6 41. Rb6 c5 42. Ra6 c4 43. Kc2 Rh8 44. Kc3 Rh2 45. Bd1 a3 46. Bf3 d4+
47. Kxd4 Rxd2+ 48. Kc5 c3 49. Kb4 Rf2 50. Bh5 c2 51. Rc6 Kd7 52. Rc5 Ne4 53.
Rc4 Nd6 54. Rc5 Ne4 55. Rc4 Nd6 1/2-1/2

[Event "Skakligaen 2021-22"]
[Site "Denmark"]
[Date "2022.03.19"]
[Round "8.6"]
[White "Hansen, Lars"]
[Black "Jakobsen, Peter"]
[Result "1/2-1/2"]
[WhiteElo "2188"]
[BlackElo "2194"]
[PlyCount "49"]
[EventDate "2021.10.30"]
[EventType "team-tourn"]
[EventRounds "9"]
[EventCountry "DEN"]
[SourceTitle "Turneringssystemet"]
[WhiteTeam "SK1968"]
[BlackTeam "Nordkalotten"]

1. e4 c5 2. Nc3 Nc6 3. f4 g6 4. Nf3 Bg7 5. Bb5 Nd4 6. O-O Nxb5 7. Nxb5 d5 8.
exd5 a6 9. Nc3 Nf6 10. d4 c4 11. Ne5 Nxd5 12. Nxd5 Qxd5 13. b3 b5 14. bxc4 bxc4
15. c3 O-O 16. Ba3 Re8 17. Qf3 Qxf3 18. Rxf3 Be6 19. Re3 Bd5 20. Nd7 e6 21. Rb1
Rad8 22. Nb6 Bh6 23. Rf1 Bc6 24. Bc5 f6 25. Ree1 1/2-1/2

[Event "Skakligaen 2021-22"]
[Site "Denmark"]
[Date "2022.03.19"]
[Round "8.8"]
[White "Simkin, Mark"]
[Black "Ejsing, Esben"]
[Result "0-1"]
[WhiteElo "2096"]
[BlackElo "2127"]
[PlyCount "134"]
[EventDate "2021.10.30"]
[EventType "team-tourn"]
[EventRounds "9"]
[EventCountry "DEN"]
[SourceTitle "Turneringssystemet"]
[WhiteTeam "SK1968"]
[BlackTeam "Nordkalotten"]

1. e4 c5 2. Nf3 d6 3. d4 cxd4 4. Nxd4 Nf6 5. Nc3 a6 6. Bg5 e6 7. f4 Nbd7 8. Bc4
b5 9. Bb3 Bb7 10. f5 e5 11. Nf3 Be7 12. Bxf6 Nxf6 13. Qd3 Rc8 14. O-O-O Rc5 15.
Bxf7+ Kxf7 16. Ng5+ Ke8 17. Ne6 Qc8 18. Nxc5 Qxc5 19. Rde1 Kd7 20. a3 Rc8 21.
g4 Qd4 22. Qf3 Rc4 23. Rd1 Qc5 24. Rhe1 b4 25. axb4 Qxb4 26. g5 Nxe4 27. f6
gxf6 28. Qf5+ Ke8 29. gxf6 Nxf6 30. Rg1 Bc8 31. Qf1 Bg4 32. Rd3 Rf4 33. Qg2 e4
34. Rg3 Qd4 35. Rf1 Bf3 36. Qh3 Bg4 37. Qg2 Qe5 38. Re1 d5 39. Ne2 Bf3 40. Qg1
Rh4 41. Nd4 Bg4 42. Nc6 Qf4+ 43. Kb1 Bd6 44. Rf1 Bf3 45. Qb6 Rg4 46. Qd8+ Kf7
47. Rxg4 Nxg4 48. Qd7+ Kg6 49. h3 Ne3 50. Rg1+ Ng2 51. Nd4 Qf6 52. Qe8+ Kh6 53.
Qc6 Qxd4 54. Qxd6+ Kh5 55. Qh2 Qg7 56. Qd6 e3 57. Qa3 d4 58. Qc5+ Kh4 59. Qf5
Bb7 60. Qe6 Kg3 61. Qd6+ Kf2 62. Rd1 e2 63. Rxd4 e1=Q+ 64. Rd1 Qe3 65. Qh2 Ke2
66. Qh1 Qf2 67. Rc1 Ne3 0-1

[Event "Skakligaen 2021-22"]
[Site "Denmark"]
[Date "2022.03.19"]
[Round "8.1"]
[White "Banusz, Tamas"]
[Black "Svane, Rasmus"]
[Result "1/2-1/2"]
[WhiteElo "2591"]
[BlackElo "2625"]
[PlyCount "85"]
[EventDate "2021.10.30"]
[EventType "team-tourn"]
[EventRounds "9"]
[EventCountry "DEN"]
[SourceTitle "Turneringssystemet"]
[WhiteTeam "Koge"]
[BlackTeam "Skanderborg"]

1. d4 Nf6 2. Nf3 d5 3. c4 e6 4. g3 Be7 5. Bg2 O-O 6. O-O dxc4 7. Qa4 a6 8. Qxc4
b5 9. Qc2 Bb7 10. Bd2 Be4 11. Qc1 c6 12. a4 Nbd7 13. Nc3 Bg6 14. Nh4 Bh5 15. h3
Nd5 16. axb5 axb5 17. Nxd5 cxd5 18. Bf3 Bxf3 19. Nxf3 Qb6 20. Rxa8 Rxa8 21. Qc2
Nf6 22. Bg5 h6 23. Bxf6 Bxf6 24. e3 g6 25. Rc1 Kg7 26. Kg2 Ra4 27. b3 Ra8 28.
Ne1 b4 29. Nd3 Qb5 30. h4 h5 31. Nf4 Qb7 32. Qc7 Qxc7 33. Rxc7 Kf8 34. Rb7 Be7
35. Nd3 Ra3 36. Ne5 Rxb3 37. Rb8+ Kg7 38. Rb7 Kf8 39. Nc6 Bf6 40. Rb8+ Kg7 41.
Rxb4 Rxb4 42. Nxb4 Be7 43. Nd3 1/2-1/2

[Event "Skakligaen 2021-22"]
[Site "Denmark"]
[Date "2022.03.19"]
[Round "8.2"]
[White "Bjerre, Jonas Buhl"]
[Black "Papp, Gabor"]
[Result "1-0"]
[WhiteElo "2586"]
[BlackElo "2578"]
[PlyCount "101"]
[EventDate "2021.10.30"]
[EventType "team-tourn"]
[EventRounds "9"]
[EventCountry "DEN"]
[SourceTitle "Turneringssystemet"]
[WhiteTeam "Skanderborg"]
[BlackTeam "Koge"]

1. Nf3 Nf6 2. c4 e6 3. d4 b6 4. g3 Ba6 5. b3 Bb4+ 6. Bd2 Be7 7. Nc3 d5 8. cxd5
exd5 9. Bg2 O-O 10. O-O Re8 11. Rc1 Nbd7 12. Ne5 Bb7 13. Nb5 c5 14. Bf4 Nf8 15.
Nc4 Ne6 16. Nbd6 Nxf4 17. Nxb7 Qc7 18. gxf4 Qxb7 19. Ne5 Rac8 20. e3 Red8 21.
Qd3 cxd4 22. Qxd4 Bc5 23. Qd3 Ba3 24. Rxc8 Qxc8 25. Rd1 Qc7 26. h3 g6 27. Rd2
Bc5 28. Rc2 Qd6 29. Qa6 d4 30. Rd2 Qc7 31. Nc6 Rd6 32. exd4 Rxc6 33. Bxc6 Qxf4
34. Qd3 Bb4 35. Rc2 Bd6 36. Bg2 Nh5 37. Rc6 Kg7 38. Qe4 Qh2+ 39. Kf1 Nf6 40.
Qf3 h6 41. Rc8 Nh7 42. Qc3 Nf6 43. a4 h5 44. Qf3 h4 45. Qe3 a5 46. Qg5 Qf4 47.
Qxf4 Bxf4 48. Rc6 Nd7 49. Bf3 Kf8 50. Bg4 f5 51. Be2 1-0

[Event "Skakligaen 2021-22"]
[Site "Denmark"]
[Date "2022.03.19"]
[Round "8.3"]
[White "Thybo, Jesper Sondergaard"]
[Black "Andersen, Mads"]
[Result "0-1"]
[WhiteElo "2602"]
[BlackElo "2572"]
[PlyCount "82"]
[EventDate "2021.10.30"]
[EventType "team-tourn"]
[EventRounds "9"]
[EventCountry "DEN"]
[SourceTitle "Turneringssystemet"]
[WhiteTeam "Koge"]
[BlackTeam "Skanderborg"]

1. c4 c6 2. d4 d5 3. cxd5 cxd5 4. Nc3 Nf6 5. Nf3 Nc6 6. Bf4 a6 7. Ne5 Qb6 8.
Nxc6 bxc6 9. a3 Qxb2 10. Na4 Qb5 11. f3 Qa5+ 12. Kf2 Bf5 13. g4 Bg6 14. Rc1 Nd7
15. Rxc6 e5 16. dxe5 Nc5 17. Nb6 Rd8 18. Bg5 Be7 19. Bxe7 Kxe7 20. e3 Rhe8 21.
Qd4 Ne6 22. Qb4+ Qxb4 23. axb4 d4 24. e4 h5 25. gxh5 Bxh5 26. Bxa6 Ng5 27. h4
Nxf3 28. Rc7+ Ke6 29. Bc4+ Kxe5 30. Rc5+ Kxe4 31. Rxh5 Ne5 32. Re1+ Kf4 33. Be2
d3 34. Bd1 d2 35. Rf1 Nd3+ 36. Kg1+ Ke4 37. b5 Kd4 38. Rg5 Re1 39. Rg2 Rd6 40.
Nc8 Rf6 41. Rxd2 Rfxf1+ 0-1

[Event "Skakligaen 2021-22"]
[Site "Denmark"]
[Date "2022.03.19"]
[Round "8.4"]
[White "Boe Olsen, Filip"]
[Black "Neiksans, Arturs"]
[Result "1/2-1/2"]
[WhiteElo "2357"]
[BlackElo "2571"]
[PlyCount "120"]
[EventDate "2021.10.30"]
[EventType "team-tourn"]
[EventRounds "9"]
[EventCountry "DEN"]
[SourceTitle "Turneringssystemet"]
[WhiteTeam "Skanderborg"]
[BlackTeam "Koge"]

1. d4 Nf6 2. c4 e6 3. Nc3 Bb4 4. Qc2 O-O 5. e4 d5 6. e5 Ne4 7. Bd3 c5 8. Nf3
cxd4 9. Nxd4 Nd7 10. Bxe4 dxe4 11. Qxe4 Qa5 12. O-O Qxe5 13. Qh4 Nf6 14. Ndb5
Bd7 15. Bf4 Qf5 16. Bd6 Bxd6 17. Nxd6 Qg6 18. Qg3 Qxg3 19. hxg3 Bc6 20. b4 Rfd8
21. Rfd1 Ne8 22. Nxe8 Bxe8 23. Ne4 Kf8 24. Nd6 Ba4 25. Rd3 b6 26. Rc1 Rd7 27.
c5 bxc5 28. bxc5 Bc6 29. Ra3 Rc7 30. Ra5 Ke7 31. a4 a6 32. Rb1 f6 33. Rb6 Bd5
34. g4 g5 35. f3 Kd7 36. Kf2 Rc6 37. Rb7+ Rc7 38. Rb1 h6 39. Rh1 Rh8 40. Kg3
Rc6 41. Rb1 Ra8 42. Kf2 Rc7 43. Ke3 Rh8 44. Kd4 Ra7 45. Rb6 h5 46. gxh5 Rxh5
47. Rbxa6 Rxa6 48. Rxa6 Rh2 49. Ra7+ Kd8 50. Rf7 Rxg2 51. Rxf6 Ra2 52. Rf8+ Kd7
53. Nb5 Rxa4+ 54. Ke5 Ke7 55. Rg8 Bxf3 56. Rg7+ Kf8 57. Rxg5 Ra5 58. Nd4 Rxc5+
59. Kf6 Rxg5 60. Nxe6+ Kg8 1/2-1/2